000 01277nam a2200289 a 4500
001 000014666
005 20220505105701.0
008 100118s2009 dr bc 000 0 spa d
020 _a9789945131246
040 _aDO-SdBNP
_bspa
_cBNPHU
082 _a972.9323
_bP644c
100 1 _aPimentel, Luis Manuel
_933220
245 1 0 _aCañafistol :
_borigen y evolución /
_cLuis Manuel Pimentel, Adys Jiménez de Pimentel ; prólogo Ismael Díaz Melo, Manuel Valera.
260 _aSanto Domingo :
_bMediabyte,
_c2009.
300 _a565 p. :
_bretrs. , mapa. ;
_c23 cm.
590 _aLa biblioteca posee 3 ejemplares autográfiados por los autores.
504 _aIncluye referencias bibliográficas
650 4 _aCañafistol (baní, república dominicana)
_xHistoria local
_933221
650 4 _aCañafistol (baní, república dominicana)
_xVida social y costumbres
_933222
650 4 _aCañafistol (baní, república dominicana)
_xAspectos económicos
_933223
650 4 _aCañafistol (baní, república dominicana)
_xBiografías
_933224
650 4 _aCiudades y pueblos
_xHistoria
_zRepública Dominicana
_912424
700 2 _aDíaz Melo, Ismael,
_d1962-
_epról.
_933370
700 1 2 _aValera, Manuel
_epról.
_933226
910 _aValidado. Control de calidad BNPHU
049 _aBNPD
999 _c14250
_d14250